Statistics for Countries and Territories that had Coins minted in the United States

Click here to take the quiz!

General Stats

  • This quiz has been taken 27 times
  • The average score is 27 of 44

Answer Stats

Years of ProductionAnswer% Correct
1968-1969Canada
85%
1938-1949China
85%
1915-1960Cuba
85%
1944France
85%
1903-1977Philippines
85%
1942-1944Australia
77%
1944Belgium
77%
1968-1970Brazil
77%
1902-1947Colombia
77%
1897-1970Costa Rica
77%
1896-1981Dominican Republic
77%
1895-1947Ecuador
77%
1904-1973El Salvador
77%
1925-1944Guatemala
77%
1949-1979Haiti
77%
1931-1974Honduras
77%
1906-1970Mexico
77%
1793-dateUnited States
77%
1875-1959Venezuela
77%
1919-1920Argentina
69%
1969-1971Israel
69%
1944-1945Netherlands
69%
1917-1944Nicaragua
69%
1904-1983Panama
69%
1916-1977Peru
69%
1924-1925Poland
69%
1959-1962South Korea
69%
1973-1974Taiwan
69%
1942-1943Bolivia
62%
1941-1944Suriname
62%
1918-1919Thailand
54%
1942-1943Fiji
46%
2000Iceland
46%
1941-1976Liberia
46%
1941-1946Netherlands East Indies
46%
1948-1951Syria
38%
1943Belgian Congo
31%
1970-1975Nepal
31%
1944-1949Saudi Arabia
31%
1944-1963Ethiopia
23%
1944Greenland
15%
1883-1884Hawaii
15%
1941-1944Curaçao
8%
1920-1941French Indochina
8%

Score Distribution

Percentile by Number Answered

Percent of People with Each Score

Your Score History

You have not taken this quiz